000 01711nam a2200433Ia 4500
001 ebr10112852
003 CaPaEBR
006 m u
007 cr cn|||||||||
008 040331s2003 ncua sb 001 0 eng d
010 _z 2004266190
020 _z0738427926
040 _aCaPaEBR
_cCaPaEBR
035 _a(OCoLC)137342241
050 1 4 _aHF5548.323.W43
_bR36 2003eb
100 1 _aRamanujam, Vinodha.
245 1 0 _aIBM WebSphere V5 edge of network patterns
_h[electronic resource] /
_c[Vinodha Ramanujam, Byron Braswell].
250 _a1st ed.
260 _aResearch Triangle Park, NC :
_bIBM, International Technical Support Organization,
_cc2003.
300 _axii, 280 p. :
_bill.
490 1 _aWebSphere software
490 1 _aIBM redbooks
500 _a"Patterns for e-business series"--P. 3.
500 _a"August 2003."
500 _a"SG24-6896-00."
504 _aIncludes bibliographical references (p. 271-272) and index.
533 _aElectronic reproduction.
_bPalo Alto, Calif. :
_cebrary,
_d2009.
_nAvailable via World Wide Web.
_nAccess may be limited to ebrary affiliated libraries.
630 0 0 _aWebSphere.
650 0 _aElectronic commerce
_xComputer programs.
650 0 _aElectronic commerce
_xSecurity measures.
650 0 _aSoftware patterns.
655 7 _aElectronic books.
_2local
700 1 _aBraswell, Byron.
710 2 _aInternational Business Machines Corporation.
_bInternational Technical Support Organization.
710 2 _aebrary, Inc.
830 0 _aWebSphere software.
830 0 _aIBM redbooks.
856 4 0 _uhttp://site.ebrary.com/lib/rucke/Doc?id=10112852
_zAn electronic book accessible through the World Wide Web; click to view
999 _c210751
_d210751